Co to jest? - edycja ogólne - Statystyki

Ogólne statystyki
  • Ten quiz został rozwiązany 25 razy
  • Średni wynik to 9 z 24
Statystyki odpowiedzi
Obrazkowy Odpowiedź % Poprawnych
karta sim
95%
lampa naftowa
79%
matrioszka
74%
zalotka
74%
cyrylica
68%
kontrabas
47%
suwmiarka
47%
szlifierka kątowa
47%
chłodnica
37%
pióro wieczne
37%
furażerka
32%
szybkowar
32%
wał korbowy
32%
gzik
26%
słupek graniczny
26%
kolczuga
21%
piuska
21%
soczewki kontaktowe
21%
blachodachówka
16%
żyroskop
16%
dalia
11%
kołatka
11%
kość ciemieniowa
5%
rezystor/opornik
5%
Nie znaleziono quizów pasujących do podanych kryteriów
Rozkład punktacji
Procent ludzi z każdym wynikiem
Percentyl według liczby udzielonych odpowiedzi
Twoja historia wyników
Nie rozwiązałeś tego quizu